| 000 | 03834cam a22005895i 4500 | ||
|---|---|---|---|
| 001 | 21676622 | ||
| 005 | 20230321115821.0 | ||
| 006 | m |o d | | ||
| 007 | cr ||||||||||| | ||
| 008 | 180814s2019 si |||| o |||| 0|eng | ||
| 010 | _a 2019744537 | ||
| 020 | _a9789811079597 | ||
| 024 | 7 |
_a10.1007/978-981-10-7959-7 _2doi |
|
| 035 | _a(DE-He213)978-981-10-7959-7 | ||
| 040 |
_aDLC _beng _epn _erda _cDLC |
||
| 072 | 7 |
_aTEC002000 _2bisacsh |
|
| 072 | 7 |
_aTRP _2bicssc |
|
| 072 | 7 |
_aTRP _2thema |
|
| 072 | 7 |
_aTTDS _2thema |
|
| 082 | 0 | 4 |
_a629.477 _223 _bLIU |
| 100 | 1 |
_aLiu, Fucheng. _eauthor. _9110816 |
|
| 245 | 1 | 0 |
_aGuidance and Control Technology of Spacecraft on Elliptical Orbit / _cby Fucheng Liu, Shan Lu, Yue Sun. |
| 250 | _a1st ed. 2019. | ||
| 264 | 1 |
_aSingapore : _bSpringer Singapore : _bImprint: Springer, _c2019. |
|
| 300 | _a1 online resource (XII, 237 pages 102 illustrations, 71 illustrations in color.) | ||
| 336 |
_atext _btxt _2rdacontent |
||
| 337 |
_acomputer _bc _2rdamedia |
||
| 338 |
_aonline resource _bcr _2rdacarrier |
||
| 347 |
_atext file _bPDF _2rda |
||
| 490 | 1 |
_aNavigation: Science and Technology, _x2522-0454 |
|
| 505 | 0 | _aIntroduction -- Modeling and Hardware Components of Control System of Orbital Transfer Vehicle -- Orbit Prediction Technology -- Inertial Navigation and Initial Alignment Technology -- INS/GNSS Integrated Navigation Technology -- INS/CNS Integrated Navigation Technology -- Redundant Fault Tolerance and Failure Reconfiguration Technology of Inertial Sensor -- Guidance and Midcourse Correction Technology -- Orbit Control Strategy. | |
| 520 | _aThis book introduces readers to the navigation, guidance and control technologies involved in single-spacecraft, double-spacecraft, and multiple-spacecraft tasks in elliptical orbits. It comprehensively covers the key technologies of guidance, navigation and control (GNC) system design for spacecraft in elliptical orbits, including the orbit design, formation configuration design and maintenance, autonomous navigation technology and relative navigation technology, as well as autonomous rendezvous technology. The methods that this book introduces are very close to actual practical engineering applications and presented in an accessible style. The book can serve as reference teaching material for senior undergraduates and postgraduates with space navigation related majors, while also providing essential information and guidance for research personnel and engineering technical personnel engaged in the development of GNC systems for spacecraft. | ||
| 588 | _aDescription based on publisher-supplied MARC data. | ||
| 650 | 0 |
_aAerospace engineering. _92467 |
|
| 650 | 0 |
_aAstronautics. _983801 |
|
| 650 | 0 |
_aControl engineering. _934982 |
|
| 650 | 0 | _aMechatronics. | |
| 650 | 0 | _aRobotics. | |
| 650 | 0 |
_aSpace sciences. _9110817 |
|
| 650 | 1 | 4 |
_aAerospace Technology and Astronautics. _0https://scigraph.springernature.com/ontologies/product-market-codes/T17050 _983803 |
| 650 | 2 | 4 |
_aControl, Robotics, Mechatronics. _0https://scigraph.springernature.com/ontologies/product-market-codes/T19000 _982013 |
| 650 | 2 | 4 |
_aSpace Sciences (including Extraterrestrial Physics, Space Exploration and Astronautics). _0https://scigraph.springernature.com/ontologies/product-market-codes/P22030 _9110818 |
| 700 | 1 |
_aLu, Shan. _eauthor. _9110819 |
|
| 700 | 1 |
_aSun, Yue. _eauthor. _9110820 |
|
| 776 | 0 | 8 |
_iPrint version: _tGuidance and control technology of spacecraft on elliptical orbit. _z9789811079580 _w(DLC) 2018940885 |
| 776 | 0 | 8 |
_iPrinted edition: _z9789811079580 |
| 776 | 0 | 8 |
_iPrinted edition: _z9789811079603 |
| 776 | 0 | 8 |
_iPrinted edition: _z9789811340284 |
| 830 | 0 |
_aNavigation: Science and Technology, _x2522-0454 _9110821 |
|
| 906 |
_a0 _bibc _corigres _du _encip _f20 _gy-gencatlg |
||
| 942 |
_2ddc _cBK |
||
| 999 |
_c593938 _d593938 |
||